Porady a jednání jak se prosadit a dosáhnout svých cílů

Gespeichert in:
Bibliographische Detailangaben
1. Verfasser: Wieke, Thomas
Weitere Verfasser: Zapletalová, Ivana
Format: Buch
Sprache:Tschechisch
Veröffentlicht: Praha Grada Publishing 2006
Schlagworte:
Tags: Tag hinzufügen
Keine Tags, Fügen Sie das erste Tag hinzu!

MARC

LEADER 00000nam$a2200000$$$4500
001 0055022
005 20240313133352.6
020 |a 80-247-1686-0 
041 0 |a cze 
044 |a CZ 
245 1 0 |a Porady a jednání  |b jak se prosadit a dosáhnout svých cílů  |c Thomas Wieke ; přeložila: Ivana Zapletalová 
264 1 |a Praha  |b Grada Publishing  |c 2006 
300 |a 108 s. 
610 2 0 |a porady 
610 2 0 |a vyjednávanie 
610 2 0 |a schôdze 
610 2 0 |a rétorika 
610 2 0 |a poradenstvo 
610 2 0 |a komunikácia 
610 2 0 |a príprava odborná 
610 2 0 |a akcie zamestnanecké 
100 1 |a Wieke, Thomas 
700 1 |a Zapletalová, Ivana